Německo-český výkladový slovník personalistiky

Na minha lista:
Detalhes bibliográficos
Autor principal: Koubek, Josef
Formato: Livro
Idioma:alemão
tcheco
Publicado em: Praha Management Press 2005
Assuntos:
Tags: Adicionar Tag
Sem tags, seja o primeiro a adicionar uma tag!

MARC

LEADER 00000nam$a2200000$$$4500
001 0036534
005 20240315114609.5
020 |a 80-7261-130-5 
041 0 |a ger 
041 0 |a cze 
044 |a CZ 
245 1 0 |a Německo-český výkladový slovník personalistiky  |c Josef Koubek 
264 1 |a Praha  |b Management Press  |c 2005 
300 |a 170 s. 
610 2 0 |a personalistika 
610 2 0 |a nemčina 
610 2 0 |a terminológia 
100 1 |a Koubek, Josef